000 00372nam a22001457a 4500
003 MPLRDC
005 20220104184838.0
008 210129b ||||| |||| 00| 0 eng d
082 _aDISC
100 _a国明
245 _a人人都能学会的超赞甜点-- 1 DISC
_c
260 _a中国
_b中国纺织出版社
_c2012
650 _a点心制法
942 _cCDA
_oDISC
999 _c63064
_d63054